Normal view
MARC view
- Vande Vegte, J
Entry Personal Name
001 - CONTROL NUMBER
- control field: 106615
003 - CONTROL NUMBER IDENTIFIER
- control field: NUST
005 - DATE AND TIME OF LATEST TRANSACTION
- control field: 20230102130109.0
008 - FIXED-LENGTH DATA ELEMENTS
- fixed length control field: 230102|| aca||aabn | a|a d
040 ## - CATALOGING SOURCE
- Original cataloging agency: NUST
- Transcribing agency: NUST
100 ## - HEADING--PERSONAL NAME
- Personal name: Vande Vegte, J
670 ## - SOURCE DATA FOUND
- Source citation: Work cat.: (NUST)183934: Vande Vegte, J., Feedback control systems /, c1994.
